000 00540nam a22001817a 4500
005 20251108170514.0
008 250721s2003 xx 000 0 ara d
082 1 4 _a956/ سعد
100 1 _aسعد، محمد
245 1 0 _aموسوعة التاريخ الهجري /
264 1 _aعمان :
_bدار الصفاء للنشر و التوزيع،
_c2003.
300 _a352ص
650 1 7 _aالتقويم الهجري
650 1 7 _aالتاريخ الإسلامي
650 1 7 _aالموسوعات
942 _2ddc
_cBK
999 _c42118
_d42118